| 000 | 00470nmm a22001697a 4500 | ||
|---|---|---|---|
| 005 | 20160211144837.0 | ||
| 008 | 150728b xxu||||| |||| 00| 0 spa d | ||
| 041 | _aEspañol | ||
| 082 | _aMD 103 | ||
| 100 |
_aGutiérrez Solano, Kimberly _93683 |
||
| 245 | _aInforme de Práctica Supervisada realizado en la Centro Odontológico Tejar | ||
| 260 | _c2012 | ||
| 650 |
_aCOSTA RICA _92 |
||
| 650 |
_aMECANICA DENTAL _93684 |
||
| 650 |
_aPROTESIS TOTAL _93685 |
||
| 942 | _cIP | ||
| 999 |
_c6772 _d6772 |
||